El poder destructivo de la dialéctica comunista

Saved in:
Bibliografiske detaljer
Hovedforfatter: Meinvielle, Julio (autor)
Format: Bog
Sprog:spansk
Udgivet: Buenos Aires Cruz y Fierro Editores 1983
Udgivelse:3a. ed
Serier:Colección Presencia
Fag:
Tags: Tilføj Tag
Ingen Tags, Vær først til at tagge denne postø!

MARC

LEADER 00000nam a2200000 a 4500
001 UCW9975
003 CL-VaPUC
008 890712e19830000AG |||||||||||||||||spa|d
082 0 4 |a 146.3  |b MEI  |2 21 
100 |a Meinvielle, Julio  |e autor  |9 527244 
245 1 3 |a El poder destructivo de la dialéctica comunista 
250 |a 3a. ed 
300 |a 240 p 
942 |c BK 
945 |d 19890712 00:00:00 
260 |a Buenos Aires  |b Cruz y Fierro Editores  |c 1983 
650 0 |a Comunismo  |9 255588 
650 0 |a Dialéctica  |9 257902 
650 7 |a MATERIALISMO DIALECTICO  |2 CL-VaPUC  |9 315449 
583 |a last modification  |c 19890712 00:00:00  |k Rodrigo Vera 
490 0 |a Colección Presencia 
999 |c 221793  |d 221791 
952 |0 0  |1 0  |4 0  |6 146_300000000000000_MEI_1983  |7 0  |8 A  |9 215671  |a BIBEDU  |b BIBEDU  |d 2019-11-15  |i 2840642  |o 146.3 MEI 1983  |p 2840642  |r 2019-11-15  |w 2019-11-15  |y BK  |k FIL